| 000 -ლიდერი |
| ფიქსირებული სიგრძის საკონტროლო ველი |
00973nam a2200217Ia 4500 |
| 001 - საკონტროლო ნომერი |
| საკონტროლო ველი |
4318 |
| 003 - საკონტროლო ნომრის იდენტიფიკატორი |
| საკონტროლო ველი |
GE_BSU |
| 005 - ბოლო ოპერაციის თარიღი და დრო |
| საკონტროლო ველი |
20191004153306.0 |
| 008 - ფიქსირებული სიგრძის მონაცემთა ელემენტები - ზოგადი ინფორმაცია |
| ფიქსირებული სიგრძის საკონტროლო ველი |
181216s1985||||ge |||||||||||||| ||geo|| |
| 040 ## - კატალოგიზაციის წყარო |
| Transcribing agency |
GE_BSU |
| 041 ## - ენის კოდი |
| Language code of text/sound track or separate title |
geo |
| 080 ## - უნივერსალური ათობითი კლასიფიკაციის ინდექსი |
| Universal Decimal Classification number |
008+316.7 ლ–31 |
| 100 ## - მთავარი ჩანაწერი - პიროვნების სახელი |
| Personal name |
ლომთათიძე, ჭოლა |
| 9 (RLIN) |
3931 |
| 245 ## - ცნობა სათაურის შესახებ |
| Title |
კულტურის სოციოლოგიური კვლევის მეთოდიკა : |
| Remainder of title |
სოციოლოგიური კვლევის გამოცდილება / |
| Statement of responsibility, etc |
ჭოლა ლომთათიძე; რედ. დ. ქერქაძე. |
| 264 ## - წარმოების, გამოცემის, დისტრიბუციის და სხვა ცნობები |
| გამოცემის, წარმოების, დისტრიბუციის... ადგილი |
თბ. : |
| გამოცემის, წარმოების, დისტრიბუციის... სახელწოდება |
მეცნიერება, |
| გამოცემის, წარმოების, დისტრიბუციის... თარიღი |
1985. |
| 300 ## - ფიზიკური აღწერა |
| Extent |
57 გვ. ; |
| Other physical details |
20 სმ. |
| 653 ## - INDEX TERM--UNCONTROLLED |
| Uncontrolled term |
კულტურის სოციოლოგია; |
| 700 ## - ADDED ENTRY--PERSONAL NAME |
| Personal name |
ქერქაძე, დ. |
| Relator term |
რედაქტორი |
| 9 (RLIN) |
3560 |
| 711 ## - ADDED ENTRY--MEETING NAME |
| Meeting name or jurisdiction name as entry element |
ფილოსოფიის ინ-ტი |
| 9 (RLIN) |
4527 |
| 942 ## - ADDED ENTRY ELEMENTS (KOHA) |
| Koha item type |
წიგნი |
| Source of classification or shelving scheme |
|